000 00708nam a2200241 4500
003 OSt
005 20240614064110.0
006 a
008 240614b |||||||| |||| 00| 0 eng d
020 _a020545626
040 _aDWCL-Main lib.
_cOC
082 _aCirc. 372.43 G976c 2006
100 _aGunning, Thomas G
245 _aClosing the literacy gap /
260 _aBoston :
_bPearson Education,
_cc2006.
300 _axii,
_b228 p. ;
_c23 cm.
504 _aIncludes bibliographical references & index.
650 _a1. Reading–Remedial teaching.
650 _a2. Literacy programs.
650 _a3. School improvement programs.
700 _aThomas G. Gunning
942 _2ddc
_n0
_cBK-CIRC
_kCirc.
999 _c713
_d713